000 00972cam a2200205 4500
001 WB4007-02
008 040217n2004 000 0 eng u
035 _a(Sirsi) u125161
245 _aThumbs up for data centre market
260 _c2004
490 _aEstates Gazette
_v(0406) 7 February 2004, 49(1)
520 _aNew research by CB Richard Ellis claims that the technical real estate market is starting to recover. Vacancy rates for data centres and disaster recovery space have fallen from nearly 50% in 2002 to 41% during the third quarter 2003. CBRE also forecasts that demand would shift to the City fringe and Docklands. Figures also reveal that the amount of data centre stock in five European cities has fallen while the combined 2003 take-up figure has risen 14% from 2002.
590 _aWB
590 _aWB
650 _aDATA CENTRES
650 _aDATA WAREHOUSES
650 _aVACANCY RATES
690 _aCOMMERCIAL PROPERTY-MARKET
942 _n0
999 _c117024
_d117024